[Event "Vellmar Int.6th op A"]
[Site "Kassel"]
[Date "2014.08.01"]
[Round "2.11"]
[White "Stabernack, Joschi"]
[Black "Hartge, Gedeon"]
[Result "0-1"]
[WhiteElo "2084"]
[BlackElo "1818"]
[PlyCount "74"]
[EventDate "2014.07.31"]
[EventType "swiss"]
[EventRounds "7"]
[EventCountry "GER"]

1. e4 c5 2. Nf3 e6 3. d4 cxd4 4. Nxd4 Nf6 5. Bd3 Nc6 6. Be3 Be7 7. O-O d5 8.
exd5 Nxd5 9. Nxc6 bxc6 10. Qf3 Bf6 11. Nc3 O-O 12. Rad1 Bxc3 13. bxc3 Qf6 14.
Qe4 g6 15. Bd4 Qe7 16. h4 c5 17. Be5 Bb7 18. Rb1 f6 19. Bg3 Nb6 20. Qg4 e5 21.
Qe2 Rad8 22. f4 e4 23. f5 Qf7 24. Bb5 Bd5 25. a4 Bc4 26. fxg6 hxg6 27. Qxe4
Bxf1 28. Rxf1 f5 29. Qe3 Nd5 30. Qh6 Qg7 31. Qg5 Nxc3 32. Bc4+ Kh7 33. h5 Rde8
34. Bd6 Qd4+ 35. Kh1 Qxd6 36. Rf4 Re1+ 37. Kh2 Re4 0-1

[Event "Vellmar Int.6th op A"]
[Site "Kassel"]
[Date "2014.08.01"]
[Round "2.12"]
[White "Tschoepe, Nino"]
[Black "Becker, Robin"]
[Result "1-0"]
[WhiteElo "1897"]
[BlackElo "1897"]
[PlyCount "51"]
[EventDate "2014.07.31"]
[EventType "swiss"]
[EventRounds "7"]
[EventCountry "GER"]

1. c4 Nf6 2. g3 c5 3. Bg2 e6 4. Nf3 d6 5. O-O Nbd7 6. Nc3 Be7 7. e4 a6 8. d3
Qc7 9. a4 b6 10. Nh4 Bb7 11. f4 O-O 12. g4 Ne8 13. g5 f5 14. Qe2 fxe4 15. Bxe4
Bxe4 16. Qxe4 Qd8 17. Qxe6+ Rf7 18. g6 hxg6 19. Nxg6 Nc7 20. Qh3 Rf6 21. f5 Qe8
22. Qh8+ Kf7 23. Qh5 Kg8 24. Ne4 Ne5 25. Qh8+ Kf7 26. Ng5# 1-0

[Event "Vellmar Int.6th op A"]
[Site "Kassel"]
[Date "2014.08.01"]
[Round "2.13"]
[White "Fichte, Wolfgang"]
[Black "Van Veenendaal, Elmer"]
[Result "1/2-1/2"]
[WhiteElo "1959"]
[BlackElo "2117"]
[PlyCount "55"]
[EventDate "2014.07.31"]
[EventType "swiss"]
[EventRounds "7"]
[EventCountry "GER"]

1. b4 e6 2. Bb2 Nf6 3. b5 d5 4. e3 a6 5. a4 axb5 6. axb5 Rxa1 7. Bxa1 Nbd7 8.
d4 Be7 9. Nf3 O-O 10. Bd3 c5 11. bxc6 bxc6 12. O-O c5 13. c4 Bb7 14. Nbd2 Qc7
15. Ne5 cxd4 16. exd4 Nxe5 17. dxe5 Nd7 18. Qb1 g6 19. Rc1 Rc8 20. Rc2 Nc5 21.
Bf1 Qc6 22. Bd4 Rd8 23. Nf3 Ne4 24. cxd5 Qxd5 25. Bc4 Qd7 26. Bb5 Qd5 27. Bc4
Qd7 28. Bb5 1/2-1/2

[Event "Vellmar Int.6th op A"]
[Site "Kassel"]
[Date "2014.08.01"]
[Round "2.14"]
[White "Berresheim, Helmut"]
[Black "Miethe, Christoph"]
[Result "1/2-1/2"]
[WhiteElo "2116"]
[BlackElo "1874"]
[PlyCount "65"]
[EventDate "2014.07.31"]
[EventType "swiss"]
[EventRounds "7"]
[EventCountry "GER"]

1. d4 d5 2. c4 e6 3. Nc3 Nf6 4. cxd5 exd5 5. Bg5 Be7 6. e3 c6 7. Qc2 Ne4 8.
Bxe7 Qxe7 9. Bd3 f5 10. Nf3 Be6 11. O-O Nd7 12. Ne5 Nxe5 13. dxe5 O-O 14. f4
Rac8 15. Rad1 Kh8 16. g3 Qc5 17. Nxe4 Qxc2 18. Bxc2 fxe4 19. Rd2 g6 20. Kg2 Kg7
21. h3 h5 22. Bd1 Rh8 23. Be2 Kf7 24. g4 hxg4 25. hxg4 Rcg8 26. Rdd1 Rh4 27.
Rh1 Rgh8 28. Rxh4 Rxh4 29. Kg3 Rh8 30. Rf1 Rg8 31. Rh1 Kg7 32. Rf1 Kf7 33. a3
1/2-1/2

[Event "Vellmar Int.6th op A"]
[Site "Kassel"]
[Date "2014.08.01"]
[Round "2.15"]
[White "Tietze, Manfred"]
[Black "Humburg, Philipp"]
[Result "0-1"]
[WhiteElo "1914"]
[BlackElo "2087"]
[PlyCount "75"]
[EventDate "2014.07.31"]
[EventType "swiss"]
[EventRounds "7"]
[EventCountry "GER"]

1. d4 Nf6 2. Nf3 g6 3. Bf4 Bg7 4. e3 O-O 5. Nbd2 d6 6. h3 Nfd7 7. Bh2 e5 8. c3
Nc6 9. dxe5 dxe5 10. Bc4 Qe7 11. O-O e4 12. Nd4 Nce5 13. Bd5 Nf6 14. Bxe4 Nxe4
15. Nxe4 Nc4 16. Qc2 c5 17. Ne2 Re8 18. N4g3 h5 19. Rfd1 Nxe3 20. fxe3 Qxe3+
21. Kf1 h4 22. Bg1 Qe5 23. Qe4 Qf6+ 24. Qf3 Qxf3+ 25. gxf3 Bxh3+ 26. Kf2 hxg3+
27. Nxg3 Bf6 28. f4 Bg4 29. Rd2 b6 30. Kg2 Re7 31. Rf1 Kg7 32. Rff2 Rh8 33. Bh2
Re3 34. Nf1 Re1 35. Ng3 Bc8 36. Nf1 Bb7+ 37. Kg1 Rh4 38. c4 0-1

[Event "Vellmar Int.6th op A"]
[Site "Kassel"]
[Date "2014.08.01"]
[Round "2.16"]
[White "Kanbach, Mike"]
[Black "Braun, Ingram"]
[Result "1/2-1/2"]
[WhiteElo "1859"]
[BlackElo "2012"]
[PlyCount "61"]
[EventDate "2014.07.31"]
[EventType "swiss"]
[EventRounds "7"]
[EventCountry "GER"]

1. d4 c5 2. e3 g6 3. Nf3 Bg7 4. Bd3 Nf6 5. Nbd2 d6 6. O-O O-O 7. Re1 Qc7 8. b3
b6 9. Bb2 Bb7 10. c4 e6 11. Qc2 Nc6 12. a3 Rac8 13. Rad1 Rfd8 14. Qb1 Ne7 15.
Bf1 Qb8 16. Qa1 Ne8 17. e4 Qc7 18. dxc5 dxc5 19. Bxg7 Nxg7 20. Qf6 Nc6 21. Qh4
Qe7 22. Ng5 Nh5 23. g4 h6 24. gxh5 Qxg5+ 25. Qxg5 hxg5 26. hxg6 f6 27. Bg2 Nd4
28. e5 Bxg2 29. Kxg2 f5 30. Nf3 Nxf3 31. Kxf3 1/2-1/2

[Event "Vellmar Int.6th op A"]
[Site "Kassel"]
[Date "2014.08.01"]
[Round "2.17"]
[White "Lechnauer, Uwe"]
[Black "Schlachowitsch, Markus"]
[Result "0-1"]
[WhiteElo "1847"]
[BlackElo "2007"]
[PlyCount "160"]
[EventDate "2014.07.31"]
[EventType "swiss"]
[EventRounds "7"]
[EventCountry "GER"]

1. e4 c6 2. Nc3 d5 3. Nf3 Bg4 4. d4 e6 5. e5 c5 6. Bb5+ Nc6 7. Be3 Qb6 8. dxc5
Bxc5 9. Bxc5 Qxc5 10. Qd4 Qxd4 11. Nxd4 Nge7 12. h3 Bh5 13. g4 Bg6 14. f4 O-O
15. Bxc6 bxc6 16. Rf1 c5 17. Nb3 Bxc2 18. Nxc5 Rfc8 19. N3a4 Bxa4 20. Nxa4 Rc4
21. b3 Re4+ 22. Kd2 Ng6 23. Nc5 Rxf4 24. Rxf4 Nxf4 25. h4 Ng6 26. Nd3 Nxh4 27.
Rc1 h6 28. Rc7 a5 29. Ke3 Ng6 30. Kd4 Kf8 31. Nc5 Ne7 32. Nd7+ Ke8 33. Nb6 Rb8
34. Kc5 d4 35. Nc4 d3 36. Kd4 Rd8+ 37. Nd6+ Kf8 38. Kxd3 f6 39. Ke4 Nd5 40. Rc5
Ke7 41. Nb7 Rb8 42. Nxa5 Rb4+ 43. Kf3 Rf4+ 44. Kg3 fxe5 45. Nc4 Rf1 46. a4 e4
47. Kg2 Rf3 48. Rb5 Nf4+ 49. Kg1 e3 50. Rb7+ Kd8 51. Rd7+ Ke8 52. Rd1 e2 53.
Re1 Rxb3 54. a5 Rb4 55. Nd6+ Kd7 56. Nf7 Ra4 57. Ne5+ Kc7 58. Rc1+ Kd6 59. Nf3
Rxa5 60. Rb1 Ra3 61. Kf2 Ra2 62. Ne1 e5 63. Rb6+ Kc5 64. Rb7 g5 65. Rh7 Ra6 66.
Rh8 e4 67. Re8 Kd5 68. Re7 Ra2 69. Ke3 Ra3+ 70. Kd2 Rg3 71. Re8 Rxg4 72. Nc2
Rg2 73. Ne3+ Kd4 74. Rd8+ Ke5 75. Nxg2 Nxg2 76. Kxe2 Kf5 77. Kf2 Nf4 78. Ke3
Kg4 79. Kxe4 h5 80. Rd1 Ne2 0-1

[Event "Vellmar Int.6th op A"]
[Site "Kassel"]
[Date "2014.08.01"]
[Round "2.18"]
[White "Hylkema, Remco"]
[Black "Maar, Samuel"]
[Result "1-0"]
[WhiteElo "1998"]
[BlackElo "1775"]
[PlyCount "79"]
[EventDate "2014.07.31"]
[EventType "swiss"]
[EventRounds "7"]
[EventCountry "GER"]

1. d4 d5 2. c4 c6 3. Nf3 Nf6 4. Nc3 e6 5. Bg5 Be7 6. e3 O-O 7. Qc2 dxc4 8. Bxc4
Nd5 9. Bxe7 Qxe7 10. a3 Nd7 11. O-O N5f6 12. e4 e5 13. Rad1 exd4 14. Nxd4 Re8
15. Nf5 Qc5 16. Nd6 Re7 17. Ne2 b5 18. b4 Qb6 19. Bxb5 c5 20. a4 a6 21. a5 Qc7
22. Bxd7 Bxd7 23. Ng3 Ra7 24. Qc3 Ba4 25. Rd2 Bb5 26. Rfd1 cxb4 27. Qxb4 h6 28.
Nc8 Qxc8 29. Rd8+ Re8 30. Rxc8 Rxc8 31. e5 Nd5 32. Qg4 Rc4 33. Ne4 Ra8 34. Rxd5
Rac8 35. h3 h5 36. Nf6+ Kf8 37. Qxh5 gxf6 38. exf6 Kg8 39. Rg5+ Kf8 40. Qh8#
1-0

[Event "Vellmar Int.6th op A"]
[Site "Kassel"]
[Date "2014.08.01"]
[Round "2.19"]
[White "Weber, Andreas"]
[Black "Knoth, Eugen"]
[Result "1/2-1/2"]
[WhiteElo "1835"]
[BlackElo "1986"]
[PlyCount "37"]
[EventDate "2014.07.31"]
[EventType "swiss"]
[EventRounds "7"]
[EventCountry "GER"]

1. e4 c6 2. d4 d5 3. exd5 cxd5 4. Bd3 Nc6 5. c3 Qc7 6. Ne2 Bg4 7. f3 Bh5 8. Bf4
Qd7 9. Nd2 Bg6 10. Bxg6 hxg6 11. Nb3 b6 12. Qd3 e6 13. a4 Bd6 14. a5 Bxf4 15.
Nxf4 Rb8 16. O-O Nge7 17. axb6 axb6 18. Rfe1 O-O 19. Qd2 1/2-1/2

[Event "Vellmar Int.6th op A"]
[Site "Kassel"]
[Date "2014.08.01"]
[Round "2.20"]
[White "Werner, Martin"]
[Black "Pabst, Olaf"]
[Result "1-0"]
[WhiteElo "1978"]
[BlackElo "1674"]
[PlyCount "75"]
[EventDate "2014.07.31"]
[EventType "swiss"]
[EventRounds "7"]
[EventCountry "GER"]

1. d4 e6 2. e4 d5 3. Nd2 dxe4 4. Nxe4 Bd7 5. Nf3 Bc6 6. Bd3 Nd7 7. Qe2 Ngf6 8.
Neg5 Bxf3 9. Nxf3 c6 10. O-O Be7 11. c3 Qc7 12. Ne5 Nxe5 13. dxe5 Nd7 14. f4
Bc5+ 15. Kh1 g6 16. b4 Be7 17. Be3 Nb6 18. a3 Nd5 19. Bd4 O-O-O 20. c4 Nb6 21.
Bf2 Kb8 22. b5 c5 23. a4 Rd7 24. Be4 Rhd8 25. Be3 Rd4 26. Bxd4 Rxd4 27. Rfd1 h5
28. a5 Nc8 29. b6 axb6 30. a6 bxa6 31. Rxa6 Na7 32. Rda1 Rd7 33. Rxa7 Qxa7 34.
Rxa7 Rxa7 35. h3 Bh4 36. Qb2 Kc7 37. Kh2 Be7 38. Qb5 1-0

[Event "Vellmar Int.6th op A"]
[Site "Kassel"]
[Date "2014.08.01"]
[Round "3.1"]
[White "Schneider, Ilja"]
[Black "Kearns, Christopher"]
[Result "1/2-1/2"]
[WhiteElo "2488"]
[BlackElo "2168"]
[PlyCount "35"]
[EventDate "2014.07.31"]
[EventType "swiss"]
[EventRounds "7"]
[EventCountry "GER"]

1. d4 e6 2. c4 Nf6 3. g3 d5 4. Nf3 dxc4 5. Bg2 Bb4+ 6. Bd2 c5 7. Bxb4 cxb4 8.
Ne5 O-O 9. a3 Nc6 10. Bxc6 bxc6 11. axb4 Qb6 12. O-O Qxb4 13. Qd2 c5 14. Qxb4
cxb4 15. Nxc4 Bd7 16. Nbd2 Bb5 17. Ra5 a6 18. Rfa1 1/2-1/2

[Event "Vellmar Int.6th op A"]
[Site "Kassel"]
[Date "2014.08.01"]
[Round "3.2"]
[White "Vogel, Roven"]
[Black "Langheinrich, Ferenc"]
[Result "1-0"]
[WhiteElo "2257"]
[BlackElo "2444"]
[PlyCount "87"]
[EventDate "2014.07.31"]
[EventType "swiss"]
[EventRounds "7"]
[EventCountry "GER"]

1. d4 Nf6 2. c4 e6 3. Nf3 a6 4. Nc3 c5 5. g3 cxd4 6. Nxd4 Qc7 7. Bg2 Nc6 8. O-O
Be7 9. Nb3 O-O 10. Bf4 d6 11. Rc1 Ne5 12. c5 dxc5 13. Nxc5 Bxc5 14. Na4 Bxf2+
15. Rxf2 Rd8 16. Qe1 Qd6 17. Qa5 Nfg4 18. h3 Nxf2 19. Bxe5 Nxh3+ 20. Bxh3 Qe7
21. Nb6 Qg5 22. Qc3 Bd7 23. Nxa8 Rxa8 24. Bg2 Bc6 25. Bf4 Qd8 26. Bxc6 Rc8 27.
Qd2 Qxd2 28. Bxd2 bxc6 29. Kf2 f6 30. Ba5 Kf7 31. Ke3 e5 32. b4 Ke6 33. a4 Kd7
34. Kd3 f5 35. e3 h5 36. Kc4 Ke6 37. Kc5 g5 38. Rh1 h4 39. gxh4 g4 40. Rg1 Rg8
41. Bc7 g3 42. Kxc6 Rg4 43. b5 axb5 44. axb5 1-0

[Event "Vellmar Int.6th op A"]
[Site "Kassel"]
[Date "2014.08.01"]
[Round "3.3"]
[White "Plueg, Andreas"]
[Black "Kolthoff, Siegmund"]
[Result "1-0"]
[WhiteElo "2305"]
[BlackElo "2064"]
[PlyCount "101"]
[EventDate "2014.07.31"]
[EventType "swiss"]
[EventRounds "7"]
[EventCountry "GER"]

1. Nf3 Nf6 2. c4 c5 3. g3 b6 4. Bg2 Bb7 5. O-O e6 6. Nc3 d6 7. d4 cxd4 8. Qxd4
a6 9. Rd1 Nbd7 10. b3 Be7 11. Nd2 Bxg2 12. Kxg2 Qc7 13. Bb2 O-O 14. Nf1 Rfd8
15. f3 Bf8 16. Rd2 Qb7 17. e4 b5 18. Ne3 Rdc8 19. h3 Nc5 20. Ng4 Nxg4 21. hxg4
b4 22. Ne2 a5 23. Rh1 e5 24. Qe3 a4 25. Nc1 Be7 26. Rd5 Ne6 27. f4 f6 28. Kf3
Rc5 29. Rd2 Rca5 30. Rdh2 h6 31. Rd1 R8a6 32. Rhd2 Qb8 33. Rd5 Bd8 34. Qd2 Be7
35. Nd3 axb3 36. Nxb4 Rxa2 37. Nxa6 Rxa6 38. Rb5 Qa8 39. Rxb3 Nc5 40. Re3 Ra2
41. Re2 Qa4 42. Qd5+ Kf8 43. Rdd2 Nb3 44. Rd3 Nc5 45. Rde3 Nd7 46. Qb5 Qa7 47.
Bc3 Nc5 48. Bb4 Ne6 49. Bc3 Ra3 50. Rb2 Bd8 51. Qd5 1-0

[Event "Vellmar Int.6th op A"]
[Site "Kassel"]
[Date "2014.08.01"]
[Round "3.4"]
[White "Zuehlke, Burkhard"]
[Black "Hilverda, Alexander"]
[Result "0-1"]
[WhiteElo "2074"]
[BlackElo "2301"]
[PlyCount "90"]
[EventDate "2014.07.31"]
[EventType "swiss"]
[EventRounds "7"]
[EventCountry "GER"]

1. d4 g6 2. c4 Bg7 3. e4 d6 4. Nc3 e5 5. Be3 exd4 6. Bxd4 Nf6 7. Be2 O-O 8. Be3
Re8 9. f3 c6 10. Qd2 d5 11. Rd1 Qe7 12. cxd5 Nxd5 13. exd5 Qxe3 14. Qxe3 Rxe3
15. Kf2 Re8 16. Bc4 Nd7 17. dxc6 bxc6 18. Nge2 Ne5 19. Bb3 Ba6 20. Bc2 c5 21.
b3 c4 22. Rd6 Bb7 23. Ne4 Ng4+ 24. fxg4 Bxe4 25. Bxe4 Rxe4 26. bxc4 Rxc4 27.
Rhd1 Rxg4 28. Ra6 Rc4 29. Rd7 Rc2 30. Kf3 Re8 31. Nf4 Rc3+ 32. Kf2 Rc4 33. Nd5
Bd4+ 34. Kf3 Kg7 35. Ra3 Rc2 36. Nc7 Re1 37. Rxd4 Rxc7 38. Re3 Rxe3+ 39. Kxe3
Rc2 40. h4 Rxa2 41. g4 Ra3+ 42. Kf4 h6 43. h5 gxh5 44. gxh5 Ra5 45. Rd7 Ra4+
0-1

[Event "Vellmar Int.6th op A"]
[Site "Kassel"]
[Date "2014.08.01"]
[Round "3.5"]
[White "Hartge, Gedeon"]
[Black "Klek, Hanna Marie"]
[Result "0-1"]
[WhiteElo "1818"]
[BlackElo "2232"]
[PlyCount "98"]
[EventDate "2014.07.31"]
[EventType "swiss"]
[EventRounds "7"]
[EventCountry "GER"]

1. d4 d5 2. c4 e6 3. Nc3 Be7 4. Nf3 Nf6 5. Bg5 O-O 6. e3 h6 7. Bh4 b6 8. Bxf6
Bxf6 9. cxd5 exd5 10. Be2 Be6 11. O-O c5 12. Rc1 Nd7 13. Qb3 c4 14. Qc2 a6 15.
e4 b5 16. a3 Nb8 17. exd5 Bxd5 18. Ne5 Bb7 19. Rcd1 Bxe5 20. dxe5 Qg5 21. g3
Qxe5 22. Rfe1 Qc5 23. Ne4 Qf5 24. Bf1 Nd7 25. Rd6 Bxe4 26. Qxe4 Qxe4 27. Rxe4
Nc5 28. Re3 Rfd8 29. Rc6 Nb3 30. Kg2 Rd2 31. Re7 Rxb2 32. Rcc7 Rf8 33. a4 Nd4
34. axb5 axb5 35. Red7 Ne6 36. Rc6 Ra8 37. Kg1 Ra1 38. Kg2 g6 39. Rc8+ Kg7 40.
Re8 Nc5 41. Rc7 Na6 42. Rcc8 Raa2 43. Kg1 Rxf2 44. Rg8+ Kf6 45. Rc6+ Kg5 46.
Rxa6 Rxf1+ 47. Kxf1 Rxa6 48. Rb8 Ra1+ 49. Kg2 Rb1 0-1

[Event "Vellmar Int.6th op A"]
[Site "Kassel"]
[Date "2014.08.01"]
[Round "3.6"]
[White "Bleecke, Sebastian"]
[Black "Ziegenfuss, Holger"]
[Result "1/2-1/2"]
[WhiteElo "1873"]
[BlackElo "2028"]
[PlyCount "57"]
[EventDate "2014.07.31"]
[EventType "swiss"]
[EventRounds "7"]
[EventCountry "GER"]

1. e4 d6 2. d4 Nf6 3. Nc3 e5 4. Nf3 Nbd7 5. Bc4 Be7 6. O-O O-O 7. dxe5 dxe5 8.
Qe2 c6 9. a4 a5 10. h3 Qc7 11. Bg5 Nc5 12. Qe3 Ne6 13. Bxf6 Bxf6 14. Ne2 Qe7
15. Qc3 Nc5 16. Ng3 g6 17. Rfe1 Rd8 18. b3 Be6 19. Rad1 Bxc4 20. Qxc4 Ne6 21.
Ne2 Rxd1 22. Rxd1 Rd8 23. Rd3 Rd6 24. Qc3 Qd8 25. Ne1 b6 26. Rxd6 Qxd6 27. Nd3
Bg7 28. Qc4 Bf8 29. g3 1/2-1/2

[Event "Vellmar Int.6th op A"]
[Site "Kassel"]
[Date "2014.08.01"]
[Round "3.7"]
[White "Humburg, Philipp"]
[Black "Tschoepe, Nino"]
[Result "0-1"]
[WhiteElo "2087"]
[BlackElo "1897"]
[PlyCount "96"]
[EventDate "2014.07.31"]
[EventType "swiss"]
[EventRounds "7"]
[EventCountry "GER"]

1. e4 c5 2. Nf3 d6 3. d4 cxd4 4. Nxd4 Nf6 5. Nc3 g6 6. Be3 Bg7 7. f3 O-O 8. Bc4
Nc6 9. Qd2 Bd7 10. O-O-O Rb8 11. Kb1 b5 12. Ndxb5 Ne5 13. Be2 Qa5 14. Nd5 Qxd2
15. Nxe7+ Kh8 16. Rxd2 Bxb5 17. b3 Bxe2 18. Rxe2 Rfe8 19. Nd5 Nxd5 20. exd5 Nc4
21. Rhe1 Nb6 22. Bxb6 Rxe2 23. Rxe2 axb6 24. a4 b5 25. axb5 Ra8 26. c4 Ra1+ 27.
Kc2 Ra2+ 28. Kd3 Rxe2 29. Kxe2 Bd4 30. b4 Bb6 31. Kd3 Kg7 32. c5 dxc5 33. bxc5
Bxc5 34. Kc4 Bd6 35. b6 Bxh2 36. Kc5 Kf6 37. b7 Ke7 38. Kd4 Bb8 39. g4 h5 40.
gxh5 gxh5 41. Ke4 h4 42. f4 h3 43. Kf3 f5 44. Kg3 Kd6 45. Kxh3 Kxd5 46. Kh4 Ke4
47. Kg5 Bxf4+ 48. Kg6 Bb8 0-1

[Event "Vellmar Int.6th op A"]
[Site "Kassel"]
[Date "2014.08.01"]
[Round "3.8"]
[White "Doescher, Thorsten"]
[Black "Werner, Martin"]
[Result "1/2-1/2"]
[WhiteElo "2038"]
[BlackElo "1978"]
[PlyCount "32"]
[EventDate "2014.07.31"]
[EventType "swiss"]
[EventRounds "7"]
[EventCountry "GER"]

1. c4 e6 2. Nf3 d5 3. g3 c5 4. cxd5 exd5 5. d4 Nc6 6. Nc3 Nf6 7. Bg2 Be7 8. O-O
O-O 9. dxc5 d4 10. Na4 Bf5 11. b3 Ne4 12. Bb2 Bf6 13. Rc1 Re8 14. Rc4 Be6 15.
Rc1 Bg4 16. h3 Be6 1/2-1/2

[Event "Vellmar Int.6th op A"]
[Site "Kassel"]
[Date "2014.08.01"]
[Round "3.10"]
[White "Schlachowitsch, Markus"]
[Black "Kretzschmar, Arnd"]
[Result "1-0"]
[WhiteElo "2007"]
[BlackElo "1860"]
[PlyCount "93"]
[EventDate "2014.07.31"]
[EventType "swiss"]
[EventRounds "7"]
[EventCountry "GER"]

1. c4 Nf6 2. Nc3 c5 3. Nf3 g6 4. d4 cxd4 5. Nxd4 Bg7 6. g3 O-O 7. Bg2 Nc6 8.
Nb3 d6 9. O-O Be6 10. Nd5 Bxd5 11. cxd5 Ne5 12. Be3 Nfd7 13. Bd4 Nb6 14. e3 Rc8
15. Qe2 Ned7 16. Bxg7 Kxg7 17. e4 Nc5 18. Nd4 Qd7 19. b3 Kg8 20. h4 a5 21. Kh2
a4 22. Bh3 f5 23. exf5 gxf5 24. Bxf5 Rxf5 25. Qg4+ Kh8 26. Nxf5 e5 27. dxe6
Nxe6 28. Rad1 Rg8 29. Qb4 Nc8 30. Qc3+ Ng7 31. Nh6 Rf8 32. f4 Qe6 33. f5 Qxh6
34. f6 Nh5 35. f7+ Qg7 36. Qf3 Rxf7 37. Qxh5 Re7 38. Rde1 Rxe1 39. Rxe1 Ne7 40.
Qe8+ Ng8 41. Qxa4 Qf6 42. Qe4 Qf2+ 43. Kh3 Qf6 44. Qf4 Qc3 45. Re8 Qg7 46. Qxd6
Qa1 47. Qe5+ 1-0

[Event "Vellmar Int.6th op A"]
[Site "Kassel"]
[Date "2014.08.01"]
[Round "3.11"]
[White "Masius, Patrick"]
[Black "Schnegelsberg, Karl Heinz"]
[Result "0-1"]
[WhiteElo "1804"]
[BlackElo "2007"]
[PlyCount "70"]
[EventDate "2014.07.31"]
[EventType "swiss"]
[EventRounds "7"]
[EventCountry "GER"]

1. e4 e6 2. b3 b6 3. Bb2 Bb7 4. d3 Nf6 5. g4 d5 6. e5 d4 7. Nf3 Nxg4 8. Rg1
Bb4+ 9. c3 dxc3 10. Nxc3 h5 11. h3 Nxe5 12. Nxe5 Qd4 13. Qd2 Qxe5+ 14. Kd1 Nc6
15. a3 Bxc3 16. Qxc3 Qxc3 17. Bxc3 Ke7 18. Rxg7 Rag8 19. Ke2 e5 20. Rxg8 Rxg8
21. Ke3 h4 22. b4 Rg5 23. a4 f5 24. b5 f4+ 25. Kd2 Nd4 26. Bb4+ Kd7 27. Kc3 c6
28. bxc6+ Nxc6 29. Ba3 Nd4 30. Kb2 a5 31. Rc1 Bc6 32. Rc4 Rg1 33. Rc1 Bxa4 34.
Kc3 b5 35. Bc5 Nb3 0-1

[Event "Vellmar Int.6th op A"]
[Site "Kassel"]
[Date "2014.08.01"]
[Round "3.13"]
[White "Heinelt, Manfred"]
[Black "Becker, Robin"]
[Result "1/2-1/2"]
[WhiteElo "2201"]
[BlackElo "1897"]
[PlyCount "31"]
[EventDate "2014.07.31"]
[EventType "swiss"]
[EventRounds "7"]
[EventCountry "GER"]

1. d4 Nf6 2. c4 e6 3. Nc3 Bb4 4. e3 O-O 5. Bd3 d5 6. Nf3 c5 7. O-O cxd4 8. exd4
dxc4 9. Bxc4 b6 10. Bg5 Bxc3 11. bxc3 Bb7 12. Ne5 Qc7 13. Bxf6 gxf6 14. Qg4+
Kh8 15. Qf4 fxe5 16. Qf6+ 1/2-1/2

[Event "Vellmar Int.6th op A"]
[Site "Kassel"]
[Date "2014.08.01"]
[Round "3.14"]
[White "Van Veenendaal, Elmer"]
[Black "Weber, Andreas"]
[Result "1/2-1/2"]
[WhiteElo "2117"]
[BlackElo "1835"]
[PlyCount "54"]
[EventDate "2014.07.31"]
[EventType "swiss"]
[EventRounds "7"]
[EventCountry "GER"]

1. b3 e6 2. Bb2 Nf6 3. d3 d5 4. Nd2 c5 5. e4 d4 6. g3 Nc6 7. Bg2 e5 8. Ne2 Be6
9. h3 Bd6 10. O-O Qd7 11. Kh2 O-O-O 12. f4 Qc7 13. f5 Bd7 14. a3 Be7 15. g4 h5
16. g5 Ng4+ 17. hxg4 hxg4+ 18. Kg3 Bxg5 19. Rh1 Bxf5 20. exf5 e4+ 21. Kxg4 Ne5+
22. Kxg5 f6+ 23. Kf4 Nxd3+ 24. Kxe4 Nf2+ 25. Kf3 Nxd1 26. Raxd1 Qe5 27. Ng3
Qe3+ 1/2-1/2

[Event "Vellmar Int.6th op A"]
[Site "Kassel"]
[Date "2014.08.01"]
[Round "3.15"]
[White "Herdzik, Matthias"]
[Black "Berresheim, Helmut"]
[Result "0-1"]
[WhiteElo "1859"]
[BlackElo "2116"]
[PlyCount "54"]
[EventDate "2014.07.31"]
[EventType "swiss"]
[EventRounds "7"]
[EventCountry "GER"]

1. e4 c5 2. Nf3 d6 3. d4 cxd4 4. Nxd4 Nf6 5. Nc3 e6 6. Be3 a6 7. f3 b5 8. Qd2
Bb7 9. g4 h6 10. O-O-O Nbd7 11. Rg1 b4 12. Nce2 d5 13. Ng3 dxe4 14. Nxe4 Nxe4
15. fxe4 Bxe4 16. Bd3 Bd5 17. g5 hxg5 18. Bxg5 Qa5 19. Nxe6 Bxe6 20. Rge1 Nc5
21. Bf5 Qc7 22. Qd5 Rc8 23. Rxe6+ Nxe6 24. Re1 Be7 25. Rxe6 fxe6 26. Qxe6 Rf8
27. Bxe7 Qf4+ 0-1

[Event "Vellmar Int.6th op A"]
[Site "Kassel"]
[Date "2014.08.01"]
[Round "3.16"]
[White "Miethe, Christoph"]
[Black "Stabernack, Joschi"]
[Result "0-1"]
[WhiteElo "1874"]
[BlackElo "2084"]
[PlyCount "130"]
[EventDate "2014.07.31"]
[EventType "swiss"]
[EventRounds "7"]
[EventCountry "GER"]

1. e4 c5 2. c3 d5 3. exd5 Qxd5 4. d4 g6 5. Nf3 Bg7 6. Be2 Nf6 7. dxc5 Qxd1+ 8.
Bxd1 Nbd7 9. Ba4 O-O 10. Bxd7 Bxd7 11. Be3 Rfc8 12. Nbd2 Ng4 13. Nb3 Nxe3 14.
fxe3 e5 15. O-O-O Be6 16. e4 a5 17. Kc2 a4 18. Nc1 Rxc5 19. Nd3 Rc4 20. Ng5 Bg4
21. Rde1 f6 22. Nf3 Bf8 23. Nfxe5 fxe5 24. Nxe5 Rxe4 25. Rxe4 Bf5 26. Rhe1 Re8
27. Kd2 Bxe4 28. Rxe4 Bg7 29. Rxa4 Bxe5 30. h3 Kf7 31. Ra7 Re7 32. Ra4 Ke6 33.
Ke3 Rf7 34. Rb4 g5 35. Rb6+ Kd5 36. Rb5+ Kd6 37. c4 h5 38. Rd5+ Ke6 39. b3 h4
40. Ke2 Bf4 41. Rb5 Rd7 42. a4 Kd6 43. a5 Kc7 44. Rf5 Rd2+ 45. Kf1 Rb2 46. Rb5
Ra2 47. Rd5 Rb2 48. Rb5 Be3 49. Re5 Rxb3 50. Ke2 Bf4 51. Re7+ Kc6 52. Re8 Ra3
53. Rc8+ Kd7 54. Rc5 Kd6 55. Rb5 Kc6 56. Rb6+ Kc5 57. Rxb7 Rxa5 58. Rb5+ Rxb5
59. cxb5 Kxb5 60. Kf1 Kc4 61. Kf2 Kd3 62. Kf1 Ke3 63. Kg1 Ke2 64. Kh1 Kf1 65.
g3 hxg3 0-1

[Event "Vellmar Int.6th op A"]
[Site "Kassel"]
[Date "2014.08.01"]
[Round "3.17"]
[White "Braun, Ingram"]
[Black "Fichte, Wolfgang"]
[Result "1/2-1/2"]
[WhiteElo "2012"]
[BlackElo "1959"]
[PlyCount "52"]
[EventDate "2014.07.31"]
[EventType "swiss"]
[EventRounds "7"]
[EventCountry "GER"]

1. e4 e6 2. d4 d5 3. e5 c5 4. c3 Qb6 5. Nf3 Bd7 6. Be2 cxd4 7. cxd4 Bb5 8. Qb3
Bxe2 9. Qxb6 axb6 10. Kxe2 Ne7 11. Nc3 Nec6 12. Be3 Be7 13. a3 Na5 14. Nd2 Nd7
15. f4 f5 16. h3 Rc8 17. Kd3 O-O 18. g4 Nc4 19. Nxc4 Rxc4 20. Rac1 g6 21. g5
Rfc8 22. Nb5 Rxc1 23. Rxc1 Rxc1 24. Bxc1 Nb8 25. Bd2 Nc6 26. Kc2 Kf7 1/2-1/2

[Event "Vellmar Int.6th op A"]
[Site "Kassel"]
[Date "2014.08.01"]
[Round "3.19"]
[White "Maar, Samuel"]
[Black "Tietze, Manfred"]
[Result "1/2-1/2"]
[WhiteElo "1775"]
[BlackElo "1914"]
[PlyCount "97"]
[EventDate "2014.07.31"]
[EventType "swiss"]
[EventRounds "7"]
[EventCountry "GER"]

1. c4 e5 2. g3 Nf6 3. Bg2 d5 4. e3 c6 5. Qc2 Be6 6. cxd5 cxd5 7. Nc3 Nc6 8. a3
Be7 9. Nge2 O-O 10. O-O d4 11. exd4 exd4 12. Nf4 dxc3 13. Nxe6 fxe6 14. dxc3
Qc7 15. Qb3 Rae8 16. Qxe6+ Kh8 17. Bf4 Qb6 18. Be3 Bc5 19. Bxc5 Qxc5 20. Qb3 b6
21. Qa4 Ne5 22. Qxa7 Nfg4 23. b4 Qxc3 24. Qxb6 Rxf2 25. Rxf2 Qxa1+ 26. Rf1 Qxa3
27. h3 Qe3+ 28. Qxe3 Nxe3 29. Rc1 Nxg2 30. Kxg2 Kg8 31. b5 Rb8 32. Rb1 Rb6 33.
Kf2 Kf7 34. Ke3 Rd6 35. Ke4 Nd7 36. Rc1 Ke6 37. Rc6 Rxc6 38. bxc6 Nf6+ 39. Kf4
Kd6 40. Kf5 Kxc6 41. Ke6 Ne4 42. Kf7 g5 43. Kg7 Nxg3 44. Kxh7 Kd6 45. Kg6 Ne4
46. Kf5 Kd5 47. h4 gxh4 48. Kg4 h3 49. Kxh3 1/2-1/2